000 00366nam a22001337a 4500
003 OSt
008 200125b ||||| |||| 00| 0 eng d
020 _a9789352137428
100 _aSESHADRI, SHYAM
245 _aAngular: Up and Running- Learning Angular, Step by Step
250 _aFirst edition
_b20 July 2018
260 _aMumbai
_bShroff/O'Reilly;
942 0 0 _2ddc
_cBK
999 _c8426
_d8426